000 005670000a22001810004500
003 MACL
005 20160226120643.0
008 160226b xxu||||| |||| 00| 0 eng d
040 _aMACL
_cMACL
041 _aHindi
082 _a800
100 _aस्‍व श्री ब्रजनन्‍दन सहाय
_940554
245 _aसौन्‍दर्योपासक
260 _bऋषभचरण जैन एवं सन्‍तति
_c1978
_aदिल्‍ली
350 _a15
650 _aLiteracture
_939932
942 _cHIN
_k800
_2ddc
999 _c27157
_d27157